Datum a čas kvízu
24.5
Celkem bodů
Celkový počet nahraných bodů na tomto kvízu bez doplňovacích otázek.
9.
Pořadí na kvízu
Konečné umístění týmu na tomto kvízu.
Zaznamenané odpovědi
| # | Otázka | Odpověď | Body | Výsledky |
|---|---|---|---|---|
| 1. | Jistá velká česká společnost o... | 1 | ||
| 2. | Český europoslanec, zvolený za... | 0 | ||
| 3. | Nejstreamovanější kapela roku... | 1 | ||
| 4. | Další výrobce luxusních vozů o... | 1 | ||
| 5. | Původně dočasný kouč a nástupc... | 0 | ||
| 5. | Jak se jmenuje herečka v roli... | 0 | ||
| 5. | Jak se jmenuje vítězka páté řa... | 1 | ||
| 8. | Česká snowboardistka Eva Samko... | 0 | ||
| 5. | Který produkt propaguje již de... | 1 | ||
| 10. | Přiřaďte jména známých osobnos... | 1 |